Statistiques concernant voc anglais ch8

Cliquez ici pour prendre le quiz!

Statistiques générales

  • Ce quiz a été pris 54 fois
  • Le résultat moyen est 19 sur 59

Statistiques - réponses

françaisanglais% Correct
éclairerto light
75%
décenniedecade
58%
gaz / essencegas
58%
énergie géothermiquegeothermal energy
58%
en meroff shore
58%
surconsommationoverconsumption
58%
essencepetrol
58%
se chaufferto heat
58%
transportstransport
58%
isolationinsulation
50%
choc pétrolieroil crisis
50%
fiablereliable
50%
ciblerto target
50%
barilbarrel
42%
chaudièreboiler
42%
fournisseur d'énergieenergy provider
42%
navire pétrolieroil tanker
42%
rendementoutput
42%
recherche et développementresearch and development
42%
prix stablestable price
42%
subventionsubsidy
42%
réduireto cut
42%
économiser, épargnerto save
42%
gaspillage, déchetwaste
42%
air conditionnéair conditioning
33%
surplus, excèsglut
33%
chauffageheating
33%
refroidirto cool
33%
diversifierto diversify
33%
stockerto store
33%
éteindreto switch off
33%
allumerto switch on
33%
centrale à charboncoal plant
25%
barragedam
25%
pétrole lourdheavy oil
25%
pétrole légerlight oil
25%
développement durablesustainable development
25%
réduire, épuiserto deplete
25%
forer, effectuer un forageto drill
25%
chuter, baisserto drop
25%
détenir des réservesto hold reserves
25%
monter en flècheto soar
25%
prix instablevolatile price
25%
demande en baissedownward demand
17%
baissedrop
17%
traitementprocessing
17%
réserves confirméesproven reserves
17%
prix élevéstiff price
17%
augmenter, monterto rise
17%
demande en hausseupward demand
17%
véhicule sobreeconomical vehicle
8%
pénurieshortage
8%
demande au ralentisluggish demand
8%
faire des économies d'énergieto conserve energy
8%
faire grimper les prixto push prices up
8%
subventionnerto subsidise
8%
redressement, améliorationupswing
8%
poêle, cuisinièrestove
0%
retarder, éviter, stopperto stave off
0%

Distribution des résultats

Percentile par nombre de réponses

% des personnes avec chaque résultat

Votre développement - résultats

Vous n’avez pas pris ce quiz